| 000 | 00438nam a2200193Ia 4500 | ||
|---|---|---|---|
| 005 | 20250603145810.0 | ||
| 008 | 250603s9999 xx 000 0 und d | ||
| 020 | _a9781119055174 | ||
| 050 | _aTH 880 .K53/ | ||
| 100 | _aKibert, Charles J. | ||
| 245 | 0 | _aSustainable construction | |
| 250 | _a4th ed. | ||
| 260 | _aNew Jersey | ||
| 260 | _bJohn Wiley | ||
| 260 | _c2016 | ||
| 300 | _a83 p | ||
| 650 | _aNew Jersey | ||
| 942 | _cBK | ||
| 999 |
_c42890 _d42890 |
||